01313cam a2200301 a 450000100090000000300040000900500170001300800410003001000170007102000180008803500130010604000180011904200080013708200160014510000310016124500510019225000090024326000470025230000360029933600260033533700280036133800270038950000200041652004840043665000220092065000250094265000440096716466322OSt20260701120511.0100920s2010 njua 001 0 eng  a 2010036833 a9788126565054 a16466322 aDLCcDLCdDLC apcc00a530.41bMAR1 aMarder, Michael P.,d1960-10aCondensed matter physics /cMichael P. Marder. a2/e. aNew Delhi :bWiley India Pvt. Ltd.,c2010. axxvii, 952 p. :bill. ;c27 cm. atextbtxt2rdacontent aunmediatedbn2rdamedia avolumebnc2rdacarrier aIncludes index. a"This second edition presents an updated review of the whole field of condensed matter physics. It consolidates new and classic topics from disparate sources, teaching not only about the effective masses of electrons in semiconductor crystals and band theory, but also about quasicrystals, dynamics of phase separation, why rubber is more floppy than steel, granular materials, quantum dots, Berry phases, the quantum hall effect, and Luttinger liquids"--cProvided by publisher. 0aCondensed matter. 0aSolid state physics. 7aSCIENCE / Solid State Physics2bisacsh.